000 00405nam a2200169Ia 4500
008 230524s9999 xx 000 0 und d
020 _a9788120338937
082 _a330
_bMIS
100 _aSasmita Mishra
245 0 _aEngineering Economics and Costing
250 _aIST
260 _aNEW DELHI
_bPHI
_c2009
300 _aX;303
500 _aQuantity Number: 50
650 _aEconomics
942 _cBK
999 _c44863
_d44863